Kuralovium 3 volumes(കുറളോവിയം) (Record no. 115312)
[ view plain ]
| 000 -LEADER | |
|---|---|
| fixed length control field | 00546 a2200181 4500 |
| 005 - DATE AND TIME OF LATEST TRANSACTION | |
| control field | 20260423145136.0 |
| 008 - FIXED-LENGTH DATA ELEMENTS--GENERAL INFORMATION | |
| fixed length control field | 260421b |||||||| |||| 00| 0 eng d |
| 020 ## - INTERNATIONAL STANDARD BOOK NUMBER | |
| International Standard Book Number | 9789364871440 |
| 080 ## - UNIVERSAL DECIMAL CLASSIFICATION NUMBER | |
| Universal Decimal Classification number | 233-286.5=M |
| Item number | KAR |
| 100 ## - MAIN ENTRY--PERSONAL NAME | |
| Personal name | Karunanidhi,Kalaignar M. |
| 245 ## - TITLE STATEMENT | |
| Title | Kuralovium 3 volumes(കുറളോവിയം) |
| 260 ## - PUBLICATION, DISTRIBUTION, ETC. (IMPRINT) | |
| Name of publisher, distributor, etc | D C books. |
| Place of publication, distribution, etc | Kottayam. |
| Date of publication, distribution, etc | 2025. |
| 300 ## - PHYSICAL DESCRIPTION | |
| Extent | Various pagination |
| 500 ## - GENERAL NOTE | |
| General note | Vol.1-Vol.3 Kuralovium<br/> |
| 653 ## - INDEX TERM--UNCONTROLLED | |
| Uncontrolled term | Tamil philosophy-Malayalam Translation |
| 700 ## - ADDED ENTRY--PERSONAL NAME | |
| Personal name | Baburaj Kalampoor;tr.by |
| 942 ## - ADDED ENTRY ELEMENTS (KOHA) | |
| item type | Books |
| Lost status | Source of classification or shelving scheme | Not for loan | Home library | Current library | Date acquired | Cost, normal purchase price | Total Checkouts | Full call number | Barcode | Date last seen | Cost, replacement price | Price effective from | Koha item type | Public note |
|---|---|---|---|---|---|---|---|---|---|---|---|---|---|---|
| Universal Decimal Classification | Not For Loan | University Library | University Library | 02/03/2026 | 733.37 | 233-286.5=M KAR.1 | 00097392 | 02/03/2026 | 1100.00 | 02/03/2026 | Books | Processing | ||
| Universal Decimal Classification | Not For Loan | University Library | University Library | 02/03/2026 | 0.00 | 233-286.5=M KAR.2 | 00097393 | 02/03/2026 | 0.00 | 02/03/2026 | Books | Processing | ||
| Universal Decimal Classification | Not For Loan | University Library | University Library | 02/03/2026 | 0.00 | 233-286.5=M KAR.3 | 00097394 | 02/03/2026 | 0.00 | 02/03/2026 | Books | Processing |
